|
|
|
|
| LEADER |
00000nab a2200000 a 4500 |
| 001 |
vtls010065022 |
| 003 |
SK-MaSNL |
| 005 |
20260305043710.0 |
| 008 |
140619|2009 xo |||||||||||1|| b|slo |
| 015 |
|
|
|a SNBRB2010/02
|2 snkbucl
|
| 038 |
|
|
|a SNKBUCL
|
| 040 |
|
|
|a SNKBUCL
|b slo
|e AACR2
|c SNKBUCL
|
| 041 |
0 |
|
|a slo
|
| 044 |
|
|
|a xo
|c SK
|
| 080 |
|
|
|a 316.022.4(=162.4)(100)
|2 2001
|
| 080 |
|
|
|a 316.022.4(=162.3)(100)
|2 2001
|
| 100 |
1 |
|
|a Žuchová, Svetlana,
|d 1976-
|4 aut
|9 94245
|
| 245 |
1 |
0 |
|a Zuzky, Katky, Jessicy a Jimovia
|c Svetlana Žuchová
|
| 650 |
0 |
7 |
|a Slováci
|2 snkbucl
|9 22552
|
| 650 |
0 |
7 |
|a Česi
|2 snkbucl
|9 24818
|
| 650 |
0 |
7 |
|a Poliaci
|2 snkbucl
|9 24819
|
| 650 |
0 |
7 |
|a Američania
|2 snkbucl
|9 59751
|
| 651 |
|
7 |
|a Spojené štáty americké
|2 snkbucl
|9 18262
|
| 651 |
|
7 |
|a Európa
|2 snkbucl
|9 167569
|
| 655 |
|
7 |
|a glosy
|2 snkbucl
|9 28645
|
| 773 |
0 |
|
|t OS
|g Roč. 11[13], č. 3 (2009), s. 207-209
|x 1335-2296
|
| 852 |
|
|
|a SNK
|b KIS3GCP
|
| 999 |
|
|
|c 3354749
|d 3356679
|